[Event "Reno Far West op"]
[Site "Reno"]
[Date "2004.04.11"]
[Round "6"]
[White "Mazzarelli, Ariel"]
[Black "Mazock, Michael J"]
[Result "0-1"]
[WhiteElo "2018"]
[BlackElo "2156"]
[PlyCount "70"]
[EventDate "2004.04.09"]
[EventType "swiss"]
[EventRounds "6"]
[EventCountry "USA"]
[SourceTitle "EXT 2009"]
[Source "ChessBase"]
[SourceDate "2008.11.26"]
[SourceVersion "1"]
[SourceVersionDate "2008.11.26"]
[SourceQuality "1"]

1. c4 c6 2. e4 d5 3. exd5 cxd5 4. d4 Nf6 5. Nc3 e6 6. Nf3 Bb4 7. a3 Bxc3+ 8. bxc3 0-0 9. cxd5 exd5 10. Be2 Qc7 11. Bb2 Bf5 12. 0-0 Nbd7 13. Nh4 Be6 14. a4 Nb6 15. Ba3 Rfc8 16. a5 Nc4 17. Bb4 b6 18. axb6 Nxb6 19. Ba6 Rd8 20. Bd3 Rac8 21. Nf5 Re8 22. Qf3 Bxf5 23. Qxf5 Nbd7 24. Ra6 Qb7 25. f3 Re3 26. Rfa1 g6 27. Qg5 Rxd3 28. Rxf6 Nxf6 29. Qxf6 Re8 30. Ra6 Rd2 31. h4 Qb8 32. Bd6 Qd8 33. Qf4 Rd1+ 34. Kh2 Re6 35. Rxa7 Qxd6 0-1

[Event "Reno Far West op"]
[Site "Reno"]
[Date "2004.04.10"]
[Round "4"]
[White "Mazzarelli, Ariel"]
[Black "Heywood, Bill"]
[Result "1/2-1/2"]
[WhiteElo "2018"]
[BlackElo "2070"]
[PlyCount "125"]
[EventDate "2004.04.09"]
[EventType "swiss"]
[EventRounds "6"]
[EventCountry "USA"]
[SourceTitle "EXT 2009"]
[Source "ChessBase"]
[SourceDate "2008.11.26"]
[SourceVersion "1"]
[SourceVersionDate "2008.11.26"]
[SourceQuality "1"]

1. c4 e5 2. Nc3 Nc6 3. Nf3 g6 4. d4 exd4 5. Nxd4 Bg7 6. Nc2 Nf6 7. e4 d6 8. Be2 0-0 9. 0-0 Be6 10. Ne3 Ne8 11. Bg4 Nd4 12. Bxe6 fxe6 13. Ng4 Qd7 14. Bg5 c6 15. Nf6+ Nxf6 16. Qxd4 h6 17. Bxf6 Bxf6 18. Qd2 Kh7 19. Rad1 Rad8 20. f4 Qg7 21. Ne2 Bxb2 22. Rf3 Bf6 23. Rd3 Be7 24. Qe3 a6 25. Nd4 Rf6 26. e5 dxe5 27. fxe5 Rf7 28. Nxe6 Rxd3 29. Rxd3 Qg8 30. Rd7 Bh4 31. Qd4 Qe8 32. Rxf7+ Qxf7 33. Nf4 Bg5 34. Nd3 h5 35. Nc5 Qf5 36. Qd7+ Qxd7 37. Nxd7 Be3+ 38. Kf1 b5 39. e6 Bg5 40. cxb5 cxb5 41. Ke2 Be7 42. h3 a5 43. Kd3 Kg7 44. Kd4 b4 45. Kc4 a4 46. Kd3 h4 47. Kc2 g5 48. Nb6 Kf6 49. Nxa4 Kxe6 50. Kd3 Kf5 51. Ke3 Ke5 52. Nb2 Bc5+ 53. Ke2 Kd4 54. Nd3 Bd6 55. Ne1 Kc3 56. Nf3 Be7 57. Ne1 Kb2 58. Nd3+ Kxa2 59. Kf3 b3 60. Nc1+ Ka3 61. Nxb3 Kxb3 62. g3 hxg3 63. Kxg3 1/2-1/2

[Event "Reno Far West op"]
[Site "Reno"]
[Date "2004.04.09"]
[Round "2"]
[White "Mazzarelli, Ariel"]
[Black "Zilberstein, Dmitry"]
[Result "0-1"]
[WhiteElo "2018"]
[BlackElo "2424"]
[PlyCount "102"]
[EventDate "2004.04.09"]
[EventType "swiss"]
[EventRounds "6"]
[EventCountry "USA"]
[SourceTitle "EXT 2009"]
[Source "ChessBase"]
[SourceDate "2008.11.26"]
[SourceVersion "1"]
[SourceVersionDate "2008.11.26"]
[SourceQuality "1"]

1. c4 Nf6 2. Nc3 g6 3. e4 d6 4. d4 Bg7 5. Be2 0-0 6. Bg5 Qe8 7. Qd2 e5 8. d5 Na6 9. f3 Nh5 10. g4 Nf4 11. Bxf4 exf4 12. Nh3 Qe7 13. Nf2 Nc5 14. h4 Bd7 15. h5 Qe5 16. Bd1 a6 17. Rc1 a5 18. Nd3 Nxd3+ 19. Qxd3 Qd4 20. Qxd4 Bxd4 21. Ke2 a4 22. Kd3 Be5 23. Be2 c6 24. Kc2 Rfc8 25. Kb1 a3 26. b3 Rc7 27. dxc6 bxc6 28. Kc2 Be6 29. Rcd1 Rac8 30. h6 Rd7 31. Nd5 Rb7 32. Nc3 Kf8 33. Rd2 Ke7 34. Rhd1 Kf6 35. Bd3 d5 36. Rf1 dxc4 37. Bxc4 Bxc4 38. bxc4 Rb2+ 39. Kd3 Rd8+ 40. Nd5+ cxd5 41. exd5 Rxd2+ 42. Kxd2 Rb8 43. Rc1 Rb2+ 44. Rc2 Rxc2+ 45. Kxc2 Bd6 46. Kb3 Bc5 47. Ka4 Ke5 48. Kb5 Kd4 49. Kc6 Kxc4 50. d6 Bb4 51. d7 Ba5 0-1

[Event "CAN-ch op"]
[Site "Sackville"]
[Date "2001.07.15"]
[Round "10"]
[White "Mazzarelli, Ariel"]
[Black "MacDonald, Jonathan"]
[Result "1-0"]
[WhiteElo "1997"]
[BlackElo "2150"]
[PlyCount "137"]
[EventDate "2001.07.??"]
[EventType "swiss"]
[EventRounds "10"]
[EventCountry "CAN"]
[SourceTitle "EXT 2006"]
[Source "ChessBase"]
[SourceDate "2005.11.24"]
[SourceVersion "1"]
[SourceVersionDate "2005.11.24"]
[SourceQuality "1"]

1. e4 c5 2. Nf3 e6 3. d4 cxd4 4. Nxd4 a6 5. Nc3 Qc7 6. Be2 Nf6 7. 0-0 b5 8. a3 Bb7 9. Bf3 Nc6 10. g3 Bc5 11. Nb3 Ba7 12. Bf4 Ne5 13. Bg2 d6 14. Nd4 Qc4 15. Nf3 Rd8 16. Nd2 Qc7 17. Qe2 Bd4 18. Ndb1 Nc4 19. Qd3 Bb6 20. Nd2 Nxb2 21. Nxb5 Nxd3 22. Nxc7+ Bxc7 23. cxd3 e5 24. Rab1 Bc6 25. Be3 Bb5 26. Rfc1 Ba5 27. Nb3 Bxd3 28. Nxa5 Bxb1 29. Rxb1 0-0 30. Nc6 Rd7 31. Nb8 Rc7 32. Nxa6 Rc3 33. Bc1 Rfc8 34. Bb2 R3c4 35. f3 d5 36. Nb4 dxe4 37. fxe4 Nxe4 38. Re1 f5 39. Bf1 R4c5 40. Bh3 Ng5 41. Bxf5 Rd8 42. Bg4 Rc4 43. Be2 Re4 44. Bc3 Rf8 45. Kg2 Kh8 46. Bb5 Rxe1 47. Bxe1 e4 48. Bf2 Rf3 49. a4 Ra3 50. Nd5 Nf3 51. h3 Ne5 52. g4 Nd3 53. Bd4 Ne1+ 54. Kf1 Nf3 55. Bc5 Ra2 56. Bb4 Ng5 57. h4 Nf3 58. h5 Nh2+ 59. Ke1 Nxg4 60. a5 Ne5 61. a6 Nf3+ 62. Kd1 Nd4 63. Bc4 Ra4 64. Kd2 e3+ 65. Kd3 Nc6 66. Bc3 e2 67. h6 e1Q 68. hxg7+ Kg8 69. Ne7# 1-0

[Event "CAN-ch op"]
[Site "Sackville"]
[Date "2001.07.14"]
[Round "9"]
[White "Bernard, Gilbert"]
[Black "Mazzarelli, Ariel"]
[Result "0-1"]
[WhiteElo "1789"]
[BlackElo "1997"]
[PlyCount "126"]
[EventDate "2001.07.??"]
[EventType "swiss"]
[EventRounds "10"]
[EventCountry "CAN"]
[SourceTitle "EXT 2006"]
[Source "ChessBase"]
[SourceDate "2005.11.24"]
[SourceVersion "1"]
[SourceVersionDate "2005.11.24"]
[SourceQuality "1"]

1. c4 c5 2. Nc3 Nc6 3. Nf3 Nf6 4. d4 cxd4 5. Nxd4 g6 6. e4 d6 7. Be2 Bg7 8. Nc2 0-0 9. 0-0 a6 10. Rb1 Nd7 11. Be3 b6 12. Qd2 Re8 13. Nd4 Bb7 14. Nxc6 Bxc6 15. Bd4 Nc5 16. f3 Rc8 17. Bxg7 Kxg7 18. Rfd1 Ne6 19. Nd5 h6 20. b3 f6 21. a4 Rb8 22. Nc3 a5 23. Nd5 g5 24. g3 Rh8 25. Ne3 h5 26. Nf5+ Kf7 27. Nd4 Nxd4 28. Qxd4 Qd7 29. Kf2 Qh3 30. Rh1 Qe6 31. Bd3 Qd7 32. Rbd1 Qb7 33. Bc2 Rbd8 34. Qd3 Ke8 35. h4 Kd7 36. Qe3 Rdg8 37. Rh2 Kc8 38. Rdh1 Rg7 39. hxg5 Rxg5 40. f4 Rg7 41. Rxh5 Rhg8 42. R1h3 f5 43. Rh8 fxe4 44. Rxg8+ Rxg8 45. Rh4 e6 46. g4 d5 47. Kg3 Qg7 48. Bd1 d4 49. Qg1 e5 50. f5 Qg5 51. Kh3 Bd7 52. Qf2 Kc7 53. Rh5 Qc1 54. Qc2 Qxc2 55. Bxc2 d3 56. Bd1 e3 57. Bf3 e2 58. Bd5 Rf8 59. f6 e1Q 60. f7 Qe3+ 61. Kh4 d2 62. Rg5 d1Q 63. Kh5 Qdd2 0-1

[Event "CAN-ch op"]
[Site "Sackville"]
[Date "2001.07.13"]
[Round "8"]
[White "Mazzarelli, Ariel"]
[Black "Cooke, Mathew G"]
[Result "1-0"]
[WhiteElo "1997"]
[BlackElo "1706"]
[PlyCount "79"]
[EventDate "2001.07.??"]
[EventType "swiss"]
[EventRounds "10"]
[EventCountry "CAN"]
[SourceTitle "EXT 2006"]
[Source "ChessBase"]
[SourceDate "2005.11.24"]
[SourceVersion "1"]
[SourceVersionDate "2005.11.24"]
[SourceQuality "1"]

1. c4 c5 2. Nc3 Nc6 3. Nf3 Nf6 4. g3 g6 5. Bg2 e6 6. d4 cxd4 7. Nxd4 Bg7 8. Ndb5 0-0 9. 0-0 a6 10. Nd6 Ne8 11. Be3 Nxd6 12. Qxd6 Qe7 13. Qxe7 Nxe7 14. Bc5 Re8 15. Na4 Be5 16. Rad1 d5 17. b3 dxc4 18. Nb6 Rb8 19. Bxe7 cxb3 20. axb3 Rxe7 21. Rd8+ Kg7 22. Rxc8 Rxc8 23. Nxc8 Rc7 24. Nb6 Bd4 25. Na8 Rc8 26. Bxb7 Rb8 27. Bf3 Rxb3 28. e3 Be5 29. Rd1 a5 30. Bc6 Rb4 31. Rd2 Rc4 32. Bd7 Rb4 33. Ra2 Rb1+ 34. Kg2 Ra1 35. Rxa1 Bxa1 36. Nb6 Bc3 37. Nc4 Kf6 38. Kf3 Kg5 39. h3 h6 40. Nd6 1-0

[Event "CAN-ch op"]
[Site "Sackville"]
[Date "2001.07.11"]
[Round "6"]
[White "Mazzarelli, Ariel"]
[Black "Sullivan, Brian"]
[Result "0-1"]
[WhiteElo "1997"]
[BlackElo "1738"]
[PlyCount "58"]
[EventDate "2001.07.??"]
[EventType "swiss"]
[EventRounds "10"]
[EventCountry "CAN"]
[SourceTitle "EXT 2006"]
[Source "ChessBase"]
[SourceDate "2005.11.24"]
[SourceVersion "1"]
[SourceVersionDate "2005.11.24"]
[SourceQuality "1"]

1. e4 c5 2. Nf3 d6 3. d4 cxd4 4. Nxd4 Nf6 5. Nc3 a6 6. Bg5 e6 7. f4 Be7 8. Qf3 e5 9. Nb3 b5 10. a3 0-0 11. f5 Nbd7 12. 0-0-0 Bb7 13. g4 Rc8 14. Bxf6 Nxf6 15. Rg1 Qb6 16. Bd3 Rxc3 17. bxc3 d5 18. exd5 Bxd5 19. Qh3 Bxa3+ 20. Kb1 Rc8 21. g5 Rxc3 22. gxf6 Qxf6 23. Qg3 h6 24. Ka2 b4 25. Rb1 e4 26. Qxg7+ Qxg7 27. Rxg7+ Kxg7 28. Bxa6 Rxc2+ 29. Ka1 Rxh2 0-1